[Event "FRA-ch U18 Girls"]
[Site "Saint Paul Trois Chateaux"]
[Date "2013.05.05"]
[Round "8"]
[White "Kambrath, Linda"]
[Black "Dubois, Marie"]
[Result "0-1"]
[WhiteElo "1795"]
[BlackElo "1826"]
[PlyCount "70"]
[EventDate "2013.04.28"]
[EventType "swiss"]
[EventRounds "9"]
[EventCountry "FRA"]
[SourceTitle "CBM 154 Extra"]
[Source "ChessBase"]
[SourceDate "2013.06.25"]
[SourceVersion "2"]
[SourceVersionDate "2013.06.25"]
[SourceQuality "1"]

1. e4 c5 2. Nf3 d6 3. Bb5+ Bd7 4. Bxd7+ Qxd7 5. 0-0 Nc6 6. c3 Nf6 7. Re1 g5 8. d3 h6 9. Na3 Bg7 10. Nc2 Nh5 11. Nh4 gxh4 12. Qxh5 Bf6 13. f4 e6 14. Ne3 0-0-0 15. Bd2 Be7 16. Kh1 Rdf8 17. f5 Bg5 18. Rf1 d5 19. Rad1 dxe4 20. dxe4 Qd3 21. Qf3 Ne5 22. Bc1 Qa6 23. Qh3 Rd8 24. fxe6 fxe6 25. Nd5 Rhf8 26. g3 Bxc1 27. Rxc1 Nd3 28. Ne7+ Kb8 29. Rc2 Qa4 30. Re2 Rxf1+ 31. Qxf1 h3 32. b3 Qe8 33. Rd2 Ne5 34. Qf4 Rxd2 35. Qxe5+ Ka8 0-1

[Event "FRA-ch U18 Girls"]
[Site "Saint Paul Trois Chateaux"]
[Date "2013.05.02"]
[Round "5"]
[White "Vignette, Jeanne"]
[Black "Kambrath, Linda"]
[Result "1-0"]
[WhiteElo "1762"]
[BlackElo "1795"]
[PlyCount "97"]
[EventDate "2013.04.28"]
[EventType "swiss"]
[EventRounds "9"]
[EventCountry "FRA"]
[SourceTitle "CBM 154 Extra"]
[Source "ChessBase"]
[SourceDate "2013.06.25"]
[SourceVersion "2"]
[SourceVersionDate "2013.06.25"]
[SourceQuality "1"]

1. e4 e5 2. Nf3 d6 3. d4 Nd7 4. Bc4 c6 5. dxe5 dxe5 6. Ng5 Nh6 7. Nc3 Be7 8. Ne6 fxe6 9. Bxh6 Nf6 10. Qxd8+ Bxd8 11. Bxg7 Rg8 12. Bxf6 Bxf6 13. g3 Bd7 14. a4 Ke7 15. h4 h5 16. 0-0-0 Bg7 17. Rd3 Bh6+ 18. Kb1 Rgf8 19. Rhd1 Rad8 20. a5 Bg7 21. Na4 Bc8 22. Rxd8 Rxd8 23. Rxd8 Kxd8 24. Be2 Kc7 25. Nc5 b6 26. axb6+ axb6 27. Nd3 c5 28. Bxh5 Bb7 29. Bg6 Kd6 30. g4 c4 31. Ne1 Kc5 32. c3 b5 33. g5 Bf8 34. h5 Be7 35. Nf3 Kd6 36. h6 Bf8 37. Kc2 Bc6 38. Kd2 Bb7 39. Ke3 Bc6 40. Nh2 Be7 41. f4 exf4+ 42. Kxf4 e5+ 43. Kg4 Bd7+ 44. Bf5 Bf8 45. Nf3 Be8 46. Nh4 Ke7 47. Ng6+ Bxg6 48. Bxg6 Ke6 49. Be8 1-0

[Event "FRA-ch U18 Girls"]
[Site "Saint Paul Trois Chateaux"]
[Date "2013.04.30"]
[Round "3"]
[White "Ruhlmann, Helene"]
[Black "Kambrath, Linda"]
[Result "1-0"]
[WhiteElo "1794"]
[BlackElo "1795"]
[PlyCount "97"]
[EventDate "2013.04.28"]
[EventType "swiss"]
[EventRounds "9"]
[EventCountry "FRA"]
[SourceTitle "CBM 154 Extra"]
[Source "ChessBase"]
[SourceDate "2013.06.25"]
[SourceVersion "2"]
[SourceVersionDate "2013.06.25"]
[SourceQuality "1"]

1. Nf3 d5 2. d4 Nf6 3. c4 e6 4. Bg5 Be7 5. Nc3 Nbd7 6. e3 0-0 7. cxd5 exd5 8. Qc2 c6 9. Bd3 Re8 10. 0-0 Nf8 11. Bxf6 Bxf6 12. b4 Bg4 13. Nd2 b6 14. Na4 Qd6 15. Rab1 Rac8 16. Rfc1 Re7 17. Rb3 h6 18. a3 b5 19. Nc5 Nd7 20. Nxd7 Bxd7 21. Rc3 Ra8 22. Nb3 Be8 23. Na5 a6 24. Nxc6 Rc7 25. Na5 Rxc3 26. Qxc3 Bd8 27. Nb7 Qb6 28. Nxd8 Rxd8 29. Qc5 Qe6 30. Qc7 Qf6 31. Rc5 Rd7 32. Qb8 Rd8 33. Rc8 Rxc8 34. Qxc8 Qc6 35. Qxc6 Bxc6 36. Bf5 Bb7 37. f3 g6 38. Bh3 Kg7 39. Kf2 f5 40. g4 Kf6 41. gxf5 gxf5 42. Kg3 Kg5 43. Bg2 h5 44. h4+ Kf6 45. Kf4 Bc6 46. Bh3 Bd7 47. e4 Be6 48. Bxf5 Bf7 49. Bc8 1-0

[Event "FRA-ch U18 Girls"]
[Site "Saint Paul Trois Chateaux"]
[Date "2013.04.28"]
[Round "1"]
[White "Langlais, Victoire"]
[Black "Kambrath, Linda"]
[Result "0-1"]
[WhiteElo "1502"]
[BlackElo "1795"]
[PlyCount "88"]
[EventDate "2013.04.28"]
[EventType "swiss"]
[EventRounds "9"]
[EventCountry "FRA"]
[SourceTitle "CBM 154 Extra"]
[Source "ChessBase"]
[SourceDate "2013.06.25"]
[SourceVersion "2"]
[SourceVersionDate "2013.06.25"]
[SourceQuality "1"]

1. e4 e5 2. Nf3 d6 3. Nc3 c6 4. Bc4 Be7 5. d3 Nf6 6. h3 0-0 7. Bg5 b5 8. Bb3 Bb7 9. 0-0 Nbd7 10. Qd2 Nc5 11. Rfe1 a5 12. a4 Nxb3 13. cxb3 b4 14. Ne2 c5 15. Ng3 g6 16. Bh6 Re8 17. Nf5 Nh5 18. Nxe7+ Qxe7 19. Bg5 f6 20. Be3 Ng7 21. Rac1 Bc8 22. Nh2 Be6 23. f4 Bxb3 24. fxe5 fxe5 25. Rf1 Rf8 26. Ng4 Rxf1+ 27. Rxf1 Rf8 28. Bg5 Rxf1+ 29. Kxf1 Qf8+ 30. Bf6 h5 31. Nh6+ Kh7 32. Qg5 Ne8 33. Ng4 hxg4 34. Qh4+ Qh6 35. Qxh6+ Kxh6 36. Bd8 gxh3 37. gxh3 Bxa4 38. Bxa5 Kh5 39. Bd8 g5 40. Ke2 Bd7 41. Kf2 Bxh3 42. Kg3 Bg4 43. Kf2 Bd7 44. Kf3 Bb5 0-1

[Event "Syre Memorial op 35th"]
[Site "Issy les Moulineaux"]
[Date "2012.05.19"]
[Round "5"]
[White "Kambrath, Linda"]
[Black "Lefranc, Benoit"]
[Result "0-1"]
[WhiteElo "1731"]
[BlackElo "2043"]
[PlyCount "62"]
[EventDate "2012.05.17"]
[EventType "swiss"]
[EventRounds "6"]
[EventCountry "FRA"]
[SourceTitle "EXT 2015"]
[Source "ChessBase"]
[SourceDate "2014.11.20"]
[SourceVersion "1"]
[SourceVersionDate "2014.11.20"]
[SourceQuality "1"]

1. e4 e6 2. d4 d5 3. e5 c5 4. c3 Nc6 5. g3 Qb6 6. Ne2 Nh6 7. Bh3 Nf5 8. Bxf5 exf5 9. 0-0 Be6 10. Na3 Be7 11. Nc2 Qd8 12. Be3 c4 13. b3 g5 14. bxc4 dxc4 15. Rb1 b6 16. Bc1 h5 17. Ne3 f4 18. gxf4 Bd5 19. f5 Be4 20. Ra1 Qd7 21. Ng3 Bd3 22. Re1 0-0-0 23. f6 Bf8 24. Qa4 h4 25. Ngf5 Kb7 26. Nd6+ Bxd6 27. exd6 Rhe8 28. d5 Ne5 29. Qxd7+ Rxd7 30. Rd1 Rxd6 31. Ba3 Rxf6 0-1

[Event "FRA-ch U16 Girls"]
[Site "Nimes"]
[Date "2012.04.21"]
[Round "9"]
[White "Fischer, Julie"]
[Black "Kambrath, Linda"]
[Result "1-0"]
[WhiteElo "1841"]
[BlackElo "1692"]
[PlyCount "125"]
[EventDate "2012.04.14"]
[EventType "swiss"]
[EventRounds "9"]
[EventCountry "FRA"]
[SourceTitle "CBM 148 Extra"]
[Source "ChessBase"]
[SourceDate "2012.06.22"]
[SourceVersion "1"]
[SourceVersionDate "2012.06.22"]
[SourceQuality "1"]

1. c4 c6 2. Nc3 d5 3. cxd5 cxd5 4. Nf3 Nc6 5. Qb3 Nf6 6. d3 e6 7. Bf4 Bd6 8. Bxd6 Qxd6 9. g3 0-0 10. Bg2 Qb4 11. Qxb4 Nxb4 12. 0-0 Bd7 13. a3 Nc6 14. Rac1 Rac8 15. b4 Rfd8 16. Rc2 Ne7 17. Rfc1 b5 18. Nd4 a6 19. Nb3 Bc6 20. Na5 Ba8 21. Nb1 Rxc2 22. Rxc2 Rc8 23. Rxc8+ Nxc8 24. Nd2 Nd6 25. Ndb3 Nd7 26. f4 Kf8 27. Kf2 Ke7 28. g4 g6 29. Kg3 h6 30. Bf3 Kd8 31. Kh4 Ke7 32. Kg3 Kd8 33. Kf2 Kc7 34. Ke3 Nb7 35. Kd4 Kd6 36. e4 Nxa5 37. Nxa5 dxe4 38. dxe4 f6 39. e5+ fxe5+ 40. fxe5+ Nxe5 41. Bxa8 Nxg4 42. h3 e5+ 43. Kc3 Nf2 44. h4 Ke6 45. Bb7 Kf5 46. Bxa6 Kg4 47. Bxb5 Kxh4 48. Bc6 g5 49. b5 e4 50. b6 g4 51. b7 Kh3 52. b8Q g3 53. Qf4 h5 54. Bxe4 Nxe4+ 55. Qxe4 g2 56. Qf3+ Kh2 57. Qxh5+ Kg1 58. Nc4 Kf2 59. Qh4+ Ke2 60. Qg4+ Kf2 61. a4 g1Q 62. Qxg1+ Kxg1 63. a5 1-0

[Event "FRA-ch U16 Girls"]
[Site "Nimes"]
[Date "2012.04.15"]
[Round "3"]
[White "Kambrath, Linda"]
[Black "Navrotescu, Andreea Cristiana"]
[Result "0-1"]
[WhiteElo "1692"]
[BlackElo "2094"]
[PlyCount "74"]
[EventDate "2012.04.14"]
[EventType "swiss"]
[EventRounds "9"]
[EventCountry "FRA"]
[SourceTitle "CBM 148 Extra"]
[Source "ChessBase"]
[SourceDate "2012.06.22"]
[SourceVersion "1"]
[SourceVersionDate "2012.06.22"]
[SourceQuality "1"]

1. e4 c5 2. Nf3 e6 3. Qe2 Nc6 4. d3 Be7 5. g3 d5 6. e5 b5 7. Bg2 a5 8. 0-0 Ba6 9. c3 h6 10. h4 Qb6 11. Re1 c4 12. d4 b4 13. Nbd2 a4 14. Nf1 Qa5 15. Bd2 a3 16. cxb4 Bxb4 17. bxa3 Qxa3 18. Bxb4 Nxb4 19. Qe3 Qa4 20. Qd2 Nc2 21. Qd1 Bc8 22. Rb1 Nxe1 23. Qxa4+ Rxa4 24. Nxe1 Rxa2 25. Rb8 Ne7 26. Ne3 0-0 27. N1c2 Bd7 28. Rb7 Rd8 29. g4 Kf8 30. Kf1 Ba4 31. Ne1 Rc8 32. Rb1 Nc6 33. Nf3 c3 34. Rc1 c2 35. Ke2 Nb4 36. Kd2 Rb2 37. Ne1 Na2 0-1

[Event "Montigny le Bretonneux-C 9th"]
[Site "Montigny le Bretonneux"]
[Date "2010.10.25"]
[Round "2"]
[White "Audigier, Robert"]
[Black "Kambrath, Linda"]
[Result "0-1"]
[WhiteElo "1250"]
[BlackElo "1652"]
[PlyCount "62"]
[EventDate "2010.10.23"]
[EventType "swiss"]
[EventRounds "9"]
[EventCountry "FRA"]
[SourceTitle "EXT 2011"]
[Source "ChessBase"]
[SourceDate "2010.11.26"]
[SourceVersion "1"]
[SourceVersionDate "2010.11.26"]
[SourceQuality "1"]

1. d4 d5 2. c4 e6 3. Nc3 Nf6 4. Bg5 Be7 5. Nf3 0-0 6. e3 Nbd7 7. Bd3 b6 8. 0-0 Bb7 9. Re1 c5 10. Qc2 Rc8 11. Bh4 dxc4 12. Be2 cxd4 13. exd4 Nd5 14. Bxe7 Qxe7 15. Qa4 a6 16. Qd1 N7f6 17. Bf1 Rfd8 18. Ne5 b5 19. Ne4 Nxe4 20. Rxe4 Nc3 21. bxc3 Bxe4 22. Qe2 Bb7 23. g3 f6 24. Ng4 Kf7 25. Ne3 e5 26. Nf5 Qd7 27. Qh5+ Kg8 28. Qg4 g6 29. Nh6+ Kg7 30. Qh4 Qd5 31. Bg2 Qxg2# 0-1

[Event "FRA-chT Top 12 (Women)"]
[Site "Chalons en Champagne"]
[Date "2010.06.26"]
[Round "?"]
[White "Guichard, Pauline"]
[Black "Kambrath, Linda"]
[Result "1-0"]
[WhiteElo "2300"]
[BlackElo "1995"]
[PlyCount "97"]
[EventDate "2010.06.07"]
[EventType "team-match"]
[EventRounds "2"]
[EventCountry "FRA"]
[SourceTitle "EXT 2011"]
[Source "ChessBase"]
[SourceDate "2010.11.26"]
[SourceVersion "1"]
[SourceVersionDate "2010.11.26"]
[SourceQuality "1"]

1. d4 d5 2. c4 e6 3. Nf3 Nf6 4. e3 Be7 5. Nbd2 0-0 6. Bd3 b6 7. 0-0 Bb7 8. b3 Nbd7 9. Bb2 c5 10. Rc1 Rc8 11. Qe2 Re8 12. Rfd1 dxc4 13. bxc4 Qc7 14. Nf1 Ne4 15. Ng3 Ndf6 16. Nxe4 Nxe4 17. Qc2 Nf6 18. d5 exd5 19. cxd5 Nxd5 20. Bxh7+ Kf8 21. Be5 Qc6 22. Be4 Rcd8 23. Qb3 Qe6 24. Qb2 Bf6 25. Bxf6 Qxf6 26. Qxf6 gxf6 27. Bd3 Nb4 28. Bb5 Bc6 29. Bxc6 Nxc6 30. h4 Kg7 31. g4 Kg6 32. Kg2 Rh8 33. h5+ Kh6 34. Nh4 Kg5 35. Kg3 Ne7 36. f4+ Kh6 37. e4 Rhg8 38. Nf3 Nc6 39. Kh4 Rge8 40. g5+ fxg5+ 41. Nxg5 Rf8 42. Rxd8 Nxd8 43. Rd1 c4 44. e5 Ne6 45. Rd6 Kg7 46. h6+ Kxh6 47. f5 c3 48. fxe6 fxe6 49. Rxe6+ 1-0

[Event "Elancourt op"]
[Site "Elancourt"]
[Date "2010.05.02"]
[Round "9"]
[White "Besombes, Romain"]
[Black "Kambrath, Linda"]
[Result "1/2-1/2"]
[WhiteElo "1746"]
[BlackElo "1587"]
[PlyCount "51"]
[EventDate "2010.04.25"]
[EventType "swiss"]
[EventRounds "9"]
[EventCountry "FRA"]
[SourceTitle "CBM 136 Extra"]
[Source "ChessBase"]
[SourceDate "2010.07.02"]
[SourceVersion "2"]
[SourceVersionDate "2010.07.15"]
[SourceQuality "1"]

1. d4 d5 2. c4 e6 3. Nc3 Nf6 4. Bg5 Be7 5. e3 h6 6. Bh4 0-0 7. Nf3 Nbd7 8. Be2 b6 9. 0-0 Bb7 10. cxd5 Nxd5 11. Bxe7 Qxe7 12. Bc4 Nxc3 13. bxc3 Nf6 14. Nd2 Rfd8 15. Qc2 c5 16. Qb2 Qd6 17. h3 Qc6 18. f3 Qc7 19. Rad1 e5 20. Rc1 exd4 21. cxd4 Qe7 22. Rfe1 Qd6 23. Nb3 cxd4 24. Nxd4 Qe5 25. Qf2 Rac8 26. Bb3 1/2-1/2

[Event "Elancourt op"]
[Site "Elancourt"]
[Date "2010.04.30"]
[Round "7"]
[White "Kambrath, Linda"]
[Black "Galazka, Pierre"]
[Result "1-0"]
[WhiteElo "1587"]
[BlackElo "1919"]
[PlyCount "69"]
[EventDate "2010.04.25"]
[EventType "swiss"]
[EventRounds "9"]
[EventCountry "FRA"]
[SourceTitle "CBM 136 Extra"]
[Source "ChessBase"]
[SourceDate "2010.07.02"]
[SourceVersion "2"]
[SourceVersionDate "2010.07.15"]
[SourceQuality "1"]

1. e4 e5 2. Nf3 Nc6 3. Bb5 a6 4. Ba4 Nf6 5. d3 b5 6. Bb3 Be7 7. 0-0 d6 8. c3 Nb8 9. h3 Nbd7 10. Re1 Bb7 11. Nbd2 0-0 12. d4 d5 13. exd5 exd4 14. Nxd4 Nxd5 15. N2f3 N7f6 16. c4 bxc4 17. Bxc4 Qd7 18. Ne5 Qc8 19. Ndc6 Bxc6 20. Nxc6 Rd8 21. Bxd5 Qd7 22. Nxe7+ Kf8 23. Bf3 Qxd1 24. Bxd1 Re8 25. Bd2 c5 26. Nf5 Red8 27. Ba5 Rd5 28. Bc2 Rb8 29. Bc3 Nd7 30. Rad1 Nb6 31. Rxd5 Nxd5 32. Bxg7+ Kg8 33. Bb3 Nf4 34. Kf1 h5 35. Be5 1-0

[Event "FRA-ch U14 Girls"]
[Site "Troyes"]
[Date "2010.04.12"]
[Round "3"]
[White "Kambrath, Linda"]
[Black "Fischer, Julie"]
[Result "0-1"]
[WhiteElo "1587"]
[BlackElo "1721"]
[PlyCount "70"]
[EventDate "2010.04.11"]
[EventType "swiss"]
[EventRounds "9"]
[EventCountry "FRA"]
[SourceTitle "EXT 2012"]
[Source "ChessBase"]
[SourceDate "2011.11.24"]
[SourceVersion "1"]
[SourceVersionDate "2011.11.24"]
[SourceQuality "1"]

1. e4 d5 2. exd5 Qxd5 3. Nf3 Nf6 4. Be2 e5 5. c4 Qd6 6. d3 Nc6 7. Nc3 Bf5 8. Be3 Nb4 9. Qa4+ Bd7 10. Qd1 Bc6 11. c5 Qe6 12. a3 Nbd5 13. Nxd5 Nxd5 14. Qc2 Nxe3 15. fxe3 0-0-0 16. e4 Be7 17. 0-0 g5 18. b4 Kb8 19. a4 g4 20. Nd2 Bg5 21. Nc4 a6 22. Rfb1 b5 23. cxb6 cxb6 24. Nxb6 Be3+ 25. Kh1 Bxb6 26. b5 axb5 27. axb5 Bb7 28. Qa4 Rd4 29. Qc2 Rc8 30. Qd2 Bxe4 31. Ra6 Bb7 32. Rba1 Qd5 33. Bf1 h5 34. Qh6 Rf4 35. R6a2 Qd4 0-1

[Event "FRA-chT Top 12 (Women)"]
[Site "Chalons en Champagne"]
[Date "2010.02.07"]
[Round "1"]
[White "Armas, Lena"]
[Black "Kambrath, Linda"]
[Result "1-0"]
[WhiteElo "1805"]
[BlackElo "1995"]
[PlyCount "71"]
[EventDate "2010.06.07"]
[EventType "team-match"]
[EventRounds "2"]
[EventCountry "FRA"]
[SourceTitle "EXT 2011"]
[Source "ChessBase"]
[SourceDate "2010.11.26"]
[SourceVersion "1"]
[SourceVersionDate "2010.11.26"]
[SourceQuality "1"]

1. e4 e5 2. Nf3 Nc6 3. c3 d5 4. Bb5 Bg4 5. Qa4 Qd6 6. Bxc6+ bxc6 7. Nxe5 Bd7 8. Nxd7 Qxd7 9. 0-0 Be7 10. e5 Nh6 11. Qf4 0-0 12. d4 f6 13. Qg3 Nf5 14. Qd3 fxe5 15. dxe5 Bc5 16. Nd2 Qe6 17. Nf3 Rf7 18. Ng5 Qxe5 19. Nxf7 Kxf7 20. Bd2 Bd6 21. g3 Kg8 22. Bf4 Qf6 23. Bxd6 Nxd6 24. Rae1 Rf8 25. Qe3 Ne4 26. f3 Nd6 27. Qe6+ Qxe6 28. Rxe6 Kf7 29. Rfe1 Re8 30. Rxe8 Nxe8 31. Kf2 Nd6 32. Ke2 Nc4 33. b3 Nd6 34. Kd3 c5 35. Re5 c6 36. c4 1-0

[Event "FRA-ch U14 Girls"]
[Site "Aix les Bains"]
[Date "2009.04.24"]
[Round "7"]
[White "Laric, Emilie"]
[Black "Kambrath, Linda"]
[Result "0-1"]
[WhiteElo "1540"]
[BlackElo "1680"]
[PlyCount "78"]
[EventDate "2009.04.19"]
[EventType "swiss"]
[EventRounds "9"]
[EventCountry "FRA"]
[SourceTitle "CBM 130 Extra"]
[Source "ChessBase"]
[SourceDate "2009.07.02"]
[SourceVersion "2"]
[SourceVersionDate "2009.07.15"]
[SourceQuality "1"]

1. d4 d5 2. c4 dxc4 3. Nf3 Nf6 4. Nc3 e6 5. e3 c5 6. Bxc4 a6 7. a4 Nc6 8. 0-0 cxd4 9. Nxd4 Nb4 10. Bd2 Bc5 11. Nc2 0-0 12. Ne2 Nxc2 13. Qxc2 Qc7 14. Bc3 Ng4 15. Ng3 Nxe3 16. fxe3 Bxe3+ 17. Kh1 Qxc4 18. Rae1 Bh6 19. b3 Qc7 20. Qb2 f6 21. Re4 b5 22. Rg4 e5 23. Nf5 Bxf5 24. Rxf5 Qd7 25. Qc2 Rad8 26. h3 Qd1+ 27. Qxd1 Rxd1+ 28. Kh2 Rd3 29. Rf3 Rxf3 30. gxf3 Bf4+ 31. Kg1 bxa4 32. bxa4 Rc8 33. Be1 Rc4 34. a5 Be3+ 35. Bf2 Bxf2+ 36. Kxf2 Rxg4 37. fxg4 Kf7 38. Ke3 Ke6 39. Kd3 Kd5 0-1

[Event "FRA-ch U14 Girls"]
[Site "Aix les Bains"]
[Date "2009.04.23"]
[Round "6"]
[White "Kambrath, Linda"]
[Black "Nolot, Clementine"]
[Result "1/2-1/2"]
[WhiteElo "1680"]
[BlackElo "1659"]
[PlyCount "102"]
[EventDate "2009.04.19"]
[EventType "swiss"]
[EventRounds "9"]
[EventCountry "FRA"]
[SourceTitle "CBM 130 Extra"]
[Source "ChessBase"]
[SourceDate "2009.07.02"]
[SourceVersion "2"]
[SourceVersionDate "2009.07.15"]
[SourceQuality "1"]

1. e4 e5 2. Nf3 Nc6 3. Bb5 a6 4. Ba4 Nf6 5. d3 Bc5 6. 0-0 b5 7. Bb3 d6 8. c3 0-0 9. Nbd2 Kh8 10. h3 Nh5 11. Nxe5 dxe5 12. Qxh5 Qxd3 13. Bxf7 Bxh3 14. Bg6 h6 15. Qxh3 Qxh3 16. gxh3 Rf6 17. Bh5 Raf8 18. Nb3 Bxf2+ 19. Kg2 a5 20. a4 b4 21. Bd2 bxc3 22. Bxc3 Nd4 23. Nxd4 exd4 24. Be1 Be3 25. Bxa5 d3 26. Rxf6 Rxf6 27. Rf1 Rc6 28. Bc3 Rc5 29. Bg4 Rg5 30. Kf3 Bc5 31. Rd1 h5 32. Bc8 h4 33. Be1 Rg1 34. Rxd3 Rxe1 35. Rd8+ Kh7 36. Bf5+ g6 37. Rd7+ Kh6 38. Bg4 Rf1+ 39. Ke2 Rf2+ 40. Ke1 Rxb2 41. Rxc7 Bb6 42. Rc8 Rb4 43. Re8 Rxa4 44. e5 Bc7 45. e6 Bd6 46. Rd8 Ba3 47. Rd7 Kg5 48. Kd1 Kf6 49. Rf7+ Kg5 50. e7 Re4 51. e8Q Rxe8 1/2-1/2

[Event "FRA-ch U14 Girls"]
[Site "Aix les Bains"]
[Date "2009.04.20"]
[Round "3"]
[White "Eid, Maha"]
[Black "Kambrath, Linda"]
[Result "1-0"]
[WhiteElo "1929"]
[BlackElo "1680"]
[PlyCount "65"]
[EventDate "2009.04.19"]
[EventType "swiss"]
[EventRounds "9"]
[EventCountry "FRA"]
[SourceTitle "CBM 130 Extra"]
[Source "ChessBase"]
[SourceDate "2009.07.02"]
[SourceVersion "2"]
[SourceVersionDate "2009.07.15"]
[SourceQuality "1"]

1. d4 d5 2. Nf3 Nc6 3. e3 e6 4. Bd3 Nf6 5. b3 Bd6 6. Bb2 Bd7 7. a3 0-0 8. Nbd2 Re8 9. Ne5 Ne7 10. 0-0 c5 11. f4 Rc8 12. Qf3 cxd4 13. Bxd4 Bc5 14. Bb2 Bc6 15. Qh3 h6 16. Rae1 d4 17. e4 Qd6 18. Ndc4 Qc7 19. b4 Bb6 20. Rf3 Red8 21. Rg3 Kf8 22. Nxf7 Kxf7 23. Ne5+ Kf8 24. Qxe6 Be8 25. a4 Qd6 26. Qb3 Nd7 27. Nc4 Qe6 28. f5 Qc6 29. e5 Nd5 30. a5 Bxa5 31. Nxa5 Qb6 32. Nc4 Qxb4 33. Ba3 1-0

[Event "FRA-ch U14 Girls"]
[Site "Aix les Bains"]
[Date "2009.04.20"]
[Round "2"]
[White "Kambrath, Linda"]
[Black "Mencacci, Floriane"]
[Result "1-0"]
[WhiteElo "1680"]
[BlackElo "1520"]
[PlyCount "48"]
[EventDate "2009.04.19"]
[EventType "swiss"]
[EventRounds "9"]
[EventCountry "FRA"]
[SourceTitle "CBM 130 Extra"]
[Source "ChessBase"]
[SourceDate "2009.07.02"]
[SourceVersion "2"]
[SourceVersionDate "2009.07.15"]
[SourceQuality "1"]

1. e4 d5 2. exd5 Qxd5 3. Nf3 Nf6 4. d4 Bf5 5. Be2 Nbd7 6. 0-0 0-0-0 7. c4 Qa5 8. Nc3 e5 9. d5 e4 10. Nd4 g6 11. g4 Rg8 12. gxf5 gxf5+ 13. Kh1 Bc5 14. Nxf5 h5 15. a3 Qb6 16. b4 Bd6 17. c5 Nxc5 18. bxc5 Qxc5 19. Nb5 Bxh2 20. Be3 Qf8 21. Nxa7+ Kb8 22. Nc6+ bxc6 23. Qb3+ Ka8 24. Rab1 Rxd5 1-0

[Event "FRA-ch U12 Girls"]
[Site "Le Grand Bornand"]
[Date "2007.04.??"]
[Round "3"]
[White "Gan, Grace"]
[Black "Kambrath, Linda"]
[Result "1-0"]
[WhiteElo "1600"]
[BlackElo "1360"]
[PlyCount "41"]
[EventDate "2007.04.07"]
[EventType "swiss"]
[EventRounds "9"]
[EventCountry "FRA"]
[SourceTitle "CBM 118 Extra"]
[Source "ChessBase"]
[SourceDate "2007.07.04"]
[SourceVersion "1"]
[SourceVersionDate "2007.07.04"]
[SourceQuality "1"]

1. d4 d5 2. Nf3 Nf6 3. e3 Bg4 4. Bd3 e6 5. Nbd2 Nbd7 6. c3 Bd6 7. 0-0 c6 8. Re1 0-0 9. e4 dxe4 10. Nxe4 e5 11. Nxd6 Qc7 12. Ne4 Rfe8 13. Ng3 c5 14. h3 Bh5 15. Nxh5 Nxh5 16. dxe5 Nxe5 17. Nxe5 Rxe5 18. Rxe5 Qxe5 19. Be3 Rd8 20. Bxh7+ Kxh7 21. Qxd8 1-0